Guess the 1960s song lyrics #101 - Statistics

General Stats
  • This quiz has been taken 24 times
    3 since last reset
  • The average score is 252 of 363
Answer Stats
Answer % Correct
a
100%
and
100%
be
100%
for
100%
For
100%
I
100%
in
100%
Is
100%
look
100%
me
100%
must
100%
Oh
100%
oh
100%
or
100%
see
100%
so
100%
So
100%
some
100%
the
100%
there
100%
There
100%
to
100%
you
100%
You
100%
your
100%
bag
67%
been
67%
better
67%
by
67%
By
67%
card
67%
Cause
67%
check
67%
eye
67%
feel
67%
home
67%
it's
67%
I've
67%
just
67%
know
67%
letter
67%
long
67%
mine
67%
minute
67%
Mr.
67%
Mr
67%
my
67%
of
67%
one
67%
Please
67%
please
67%
Postman
67%
postman
67%
sooner
67%
this
67%
time
67%
Whoa
67%
wouldn't
67%
yeah
67%
Yeah
67%
yes
67%
you've
67%
away
33%
boyfriend
33%
days
33%
Deliver
33%
far
33%
from
33%
From
33%
heard
33%
here
33%
he's
33%
leaving
33%
make
33%
many
33%
mighty
33%
more
33%
passed
33%
returning
33%
saw
33%
Saying
33%
Since
33%
since
33%
standing
33%
stop
33%
tears
33%
today
33%
Wait
33%
wait
33%
waiting
33%
who's
33%
word
33%
Marvelettes
0%
patiently
0%
No matching quizzes found
Score Distribution
Percent of People with Each Score
Percentile by Number Answered
Your Score History
You have not taken this quiz since the last reset